Changes bring tiers to the eye (Record no. 69067)

MARC details
000 -LEADER
fixed length control field 01576cam a2200265 4500
001 - CONTROL NUMBER
control field ABS64884
008 - FIXED-LENGTH DATA ELEMENTS--GENERAL INFORMATION
fixed length control field 011211n2001 000 0 eng u
035 ## - SYSTEM CONTROL NUMBER
System control number (Sirsi) u115941
100 ## - MAIN ENTRY--PERSONAL NAME
Personal name Pope, D
245 ## - TITLE STATEMENT
Title Changes bring tiers to the eye
260 ## - PUBLICATION, DISTRIBUTION, ETC.
Date of publication, distribution, etc. 2001
490 ## - SERIES STATEMENT
Series statement Estates Gazette
Volume/sequential designation (0146) 17 November 2001, 167(1)
520 ## - SUMMARY, ETC.
Summary, etc. Argues that proposed changes to the use classes order will slow down the development process and possibly damage regional economies. The review of the use classes order prepared by Baker Associates and published by the DTLR proposes that B1(c) - light industrial uses - should be separated from other B1 uses; and that permitted development rights for changes from this new class, and general industrial (B2), to office (B1(a)), should be removed. Potential problems with the changes include an additional layer of planning control to business decisions for new office space; greater town-centre commuter traffic congestion as offices are forced back into town centres; and risk of buildings sitting empty if they do not get change-of-use permission. Concludes that the property industry should make its objections known to government if the proposals go to consultation.
590 ## - LOCAL NOTE (RLIN)
Local note ABS
650 ## - SUBJECT ADDED ENTRY--TOPICAL TERM
Topical term or geographic name entry element INDUSTRIAL PROPERTY
650 ## - SUBJECT ADDED ENTRY--TOPICAL TERM
Topical term or geographic name entry element OFFICE SPACE
650 ## - SUBJECT ADDED ENTRY--TOPICAL TERM
Topical term or geographic name entry element PROPERTY INDUSTRY
650 ## - SUBJECT ADDED ENTRY--TOPICAL TERM
Topical term or geographic name entry element CHANGE OF USE
650 ## - SUBJECT ADDED ENTRY--TOPICAL TERM
Topical term or geographic name entry element TOWN AND COUNTRY PLANNING (USE CLASSES) ORDERS
650 ## - SUBJECT ADDED ENTRY--TOPICAL TERM
Topical term or geographic name entry element REFORM
650 ## - SUBJECT ADDED ENTRY--TOPICAL TERM
Topical term or geographic name entry element DEVELOPMENT CONTROL
650 ## - SUBJECT ADDED ENTRY--TOPICAL TERM
Topical term or geographic name entry element PLANNING SYSTEM
690 ## - LOCAL SUBJECT ADDED ENTRY--TOPICAL TERM (OCLC, RLIN)
Topical term or geographic name as entry element PROPERTY-PROPERTY DEVELOPMENT
942 ## - ADDED ENTRY ELEMENTS (KOHA)
Suppress in OPAC 0
Holdings
Withdrawn status Lost status Source of classification or shelving scheme Damaged status Not for loan Home library Current library Shelving location Date acquired Total Checkouts Full call number Barcode Date last seen Copy number Price effective from Koha item type
    Dewey Decimal Classification     London London Journal article 11/12/2001   ABS64884 115941-1001 06/08/2019 1 06/08/2019 Journal article